Statistics for Countries Poorer Than All Their Neighbors

Click here to take the quiz!

General Stats

  • This quiz has been taken 48 times
  • The average score is 24 of 37

Answer Stats

$Country% Correct
$3,150North Korea
88%
$54,640United Kingdom
85%
$2,080Yemen
85%
$2,060Afghanistan
83%
$3,190Haiti
83%
$37,880Portugal
83%
$4,770Myanmar
80%
$9,860Bolivia
78%
$6,380Syria
78%
$1,320Somalia
76%
$6,740Honduras
73%
$3,040Lesotho
73%
$4,580Nepal
73%
$856Burundi
71%
$3,340East Timor
71%
$2,650Gambia
71%
$4,230Papua New Guinea
71%
$928South Sudan
71%
$17,300Suriname
71%
$13,350Mongolia
68%
$57,810Canada
66%
$5,950Venezuela
66%
$14,670Ecuador
63%
$7,150Belize
61%
$1,435Niger
61%
$2,780Guinea-Bissau
59%
$13,080Ukraine
59%
$15,820Armenia
56%
$17,470Bosnia and Herzegovina
56%
$14,960Kosovo
56%
$1,440Mozambique
56%
$12,300Tunisia
54%
$2,560Togo
51%
$48,220Italy
46%
$2,100Eritrea
39%
$9,040Morocco
29%
$4,380Cameroon
17%

Score Distribution

Percentile by Number Answered

Percent of People with Each Score

Your Score History

You have not taken this quiz